00973 a2200205 4500003000500000005001700005040000900022082001200031100002900043245012100072260003200193300001500225505034000240538002900580650001400609651001200623942000800635999001900643952010500662Nust20170207153219.0 cNust a621.382 aRiaz, Kashif (MSEE-14) aEfficient detection of space-time block codes over time-selective channels in multiple-antenna systems.cKashif Riaz aRawalpindibMCS, NUSTc2009 axi, 71, p. aIntroduction (page-1) Multipath fading channels, small scale fading and diversity (page-9) Space-time coding fundamentals (page-22) Efficient detection of STBC in time-selective channels via adaptive sphere decoder (page-33) An improved ZF-ML decoder for STBC over time-selective channels (page-43) Conclusion and future work (page-51) aAlmirah No 69 Shelf No 2 aMS Thesis aMSEE-14 cTHS c181726d181726 00102ddc40708NFICaMCSbMCSd2016-12-12l0o621.382 RIApMCSTEE-64r2016-12-08w2016-12-12yBK